| 000 | 00486nam a2200169 4500 | ||
|---|---|---|---|
| 001 | 113805 | ||
| 003 | ES-MaACL | ||
| 005 | 20230906190017.0 | ||
| 007 | t| | ||
| 008 | 061121s1968 sp r ||||1| spa d | ||
| 100 | 1 |
_aPadilla, Ramón. _988180 |
|
| 245 | 1 | 0 |
_aCanciones de protesta del pueblo norteamericano / _cRamón Padilla. |
| 250 | _a[1ª ed.]. | ||
| 260 |
_aBarcelona : _bCultura Popular, _c1968. |
||
| 300 |
_a217 p. 3 láms ; _c22 cm. |
||
| 852 |
_aES-MaACL _jC-35186 _bR.67335 |
||
| 999 |
_c113805 _d113805 |
||